Limit dlouhodobě udržitelného veřejného zadlužení

Teoretický rámec pre príčiny vzniku verejného zadlženia, jeho formy. Vybrané prístupy k udržateľnosti verejného zadĺženia. Limit dlhodobo udržateľného verejného zadĺženia.

Saved in:
Bibliographic Details
Main Author: Střecha, Michal
Format: Book Chapter
Language:Czech
Subjects:
Tags: Add Tag
No Tags, Be the first to tag this record!

MARC

LEADER 00000naa a2200000 4500
001 0220655
005 20220713131138.6
041 0 |a cze 
044 |a CZ 
245 1 0 |a Limit dlouhodobě udržitelného veřejného zadlužení  |c Michal Střecha 
520 |a Teoretický rámec pre príčiny vzniku verejného zadlženia, jeho formy. Vybrané prístupy k udržateľnosti verejného zadĺženia. Limit dlhodobo udržateľného verejného zadĺženia. 
610 2 0 |a dlhy verejné 
610 2 0 |a deficit 
610 2 0 |a hospodárstvo uzatvorené 
610 2 0 |a limity 
610 2 0 |a nerovnováha hospodárska 
610 2 0 |a nestabilita finančná 
100 1 |a Střecha, Michal